MARC details
| 000 -CABECERA |
| campo de control de longitud fija |
01295nam a2200277 a 4500 |
| 001 - NÚMERO DE CONTROL |
| campo de control |
000049218 |
| 003 - IDENTIFICADOR DEL NÚMERO DE CONTROL |
| campo de control |
DO-SdBNP |
| 005 - FECHA Y HORA DE LA ÚLTIMA TRANSACCIÓN |
| campo de control |
20250514125700.0 |
| 008 - DATOS DE LONGITUD FIJA--INFORMACIÓN GENERAL |
| campo de control de longitud fija |
110713s2009 sp r 000 | spa d |
| 020 ## - NÚMERO INTERNACIONAL ESTÁNDAR DEL LIBRO |
| Número Internacional Estándar del Libro |
8430903968 |
| 040 ## - FUENTE DE LA CATALOGACIÓN |
| Centro catalogador/agencia de origen |
DO-SdBNP |
| Lengua de catalogación |
spa |
| Centro/agencia transcriptor |
BNPHU |
| 082 ## - NÚMERO DE LA CLASIFICACIÓN DECIMAL DEWEY |
| Número de clasificación |
972.93054 |
| Número de documento/Ítem |
M843p |
| 100 1# - ENTRADA PRINCIPAL--NOMBRE DE PERSONA |
| Nombre de persona |
Moreno, José A. |
| 9 (RLIN) |
58279 |
| 245 13 - MENCIÓN DE TÍTULO |
| Título |
El pueblo en armas : |
| Resto del título |
revolución en Santo Domingo / |
| Mención de responsabilidad, etc. |
José A. Moreno. |
| 250 ## - MENCIÓN DE EDICIÓN |
| Mención de edición |
2a. ed. |
| 260 ## - PUBLICACIÓN, DISTRIBUCIÓN, ETC. |
| Lugar de publicación, distribución, etc. |
Madrid : |
| Nombre del editor, distribuidor, etc. |
Tecnos, |
| Fecha de publicación, distribución, etc. |
2009. |
| 300 ## - DESCRIPCIÓN FÍSICA |
| Extensión |
259 p. ; |
| Dimensiones |
22 cm. |
| 490 1# - MENCIÓN DE SERIE |
| Mención de serie |
Cielo naranja |
| 500 ## - NOTA GENERAL |
| Nota general |
Incluye notas al pie de las páginas. |
| 504 ## - NOTA DE BIBLIOGRAFÍA, ETC. |
| Nota de bibliografía, etc. |
Bibliografía : p. 256-259 |
| 505 0# - NOTA DE CONTENIDO CON FORMATO |
| Nota de contenido con formato |
El observador participante en una revolución -- |
| Título |
Antecedentes de la revolución -- |
| -- |
La organización política -- |
| -- |
La organización paramilitar -- |
| -- |
La organización cívica -- |
| -- |
Características de los rebeldes -- |
| -- |
Ideología de la revolución -- |
| -- |
Grupos de interés, partidos políticos e ideologías formales-- |
| -- |
Una tipología de los rebeldes -- |
| -- |
La emergencia del liderazgo -- |
| -- |
Rol de las organizaciones informales -- |
| -- |
Conflicto y resolución del mismo-- |
| -- |
Conclusiones. |
| 590 ## - NOTA LOCAL (RLIN) |
| Nota local |
Invetnariado, 2019/VM |
| 651 #4 - PUNTO DE ACCESO ADICIONAL DE MATERIA--NOMBRE GEOGRÁFICO |
| Nombre geográfico |
República Dominicana |
| Subdivisión general |
Historia |
| Subdivisión cronológica |
REVOLUCIÓN DE 1965 |
| 9 (RLIN) |
76524 |
| 830 #0 - PUNTO DE ACCESO ADICIONAL DE SERIE-TÍTULO UNIFORME |
| Título uniforme |
Cielo naranja |
| 9 (RLIN) |
76525 |
| 942 ## - ELEMENTOS DE PUNTO DE ACCESO ADICIONAL (KOHA) |
| Fuente del sistema de clasificación o colocación |
Dewey Decimal Classification |
| Tipo de ítem Koha |
Libro |